000 00191 a2200097 4500
020 _a9780060539511
041 _aeng
100 _aMercer Mayer
245 _aGrandma Grandpa and Me
942 _cK
999 _c27762
_d27762